00787nam a2200229Ia 4500003000900000008004100009020003000050020003100080022002200111022002300133040001600156100001900172245004400191260003800235300002000273490004000293650002700333650006400360650004800424650001200472856007300484IN-BaIIA211028s9999 xx s 000 0 eng d a978-1-4419-7792-2 (Print) a978-1-4419-7793-9 (Online) a0342-4111 (Print) a1556-1534 (Online) cIIA Library aKim, Myung K.  0aDigital Holographic Microscopyh[eBook] aNew YorkbSpringer New Yorkc2011 aOnline resource aSpringer Series in Optical Sciences a Biological Microscopy a Computer Imaging, Vision, Pattern Recognition and Graphics a Optics, Lasers, Photonics, Optical Devices aPhysics uhttp://doi.org/10.1007/978-1-4419-7793-9yClick Here to Access eBook